000 00225nam a2200097Ia 4500
005 20251222114349.0
008 251222s1900||||xx |||||||||||||| ||spa||
082 _aDVD0070/T19/2005
245 0 _aEl infierno:L“enfer
942 _cDVD
999 _c1158
_d1158